Animaux disparus ayant inspiré des pokemons - Statistiques

Statistiques générales
  • Ce quiz a été pris 42 fois
  • Le résultat moyen est 5 sur 18
Statistiques - réponses
Hint Réponse % Correct
Ptyranidur,Rexillius Tyrannosaurus Rex
86%
Mammochon, Fort-Ivoire Mammouth
61%
Amagara, Dragmara Sauropode (Amargasaurus)
61%
Ptéra Ptérosaure (Ptérodactyle)
53%
Dinoclier, Bastiodon Cératopsien (Protoceratops - Chasmosaure)
44%
Kabuto Limule ou trilobite
33%
Arkéapti, Aéroptéryx Archéoptéryx
31%
Kranidos, Charkos Pachycéphalosauridé (Stygimoloch)
31%
Ire-Foudre Sauropode (Brachiosaure, Brontosaure)
25%
Amonita, Amonistar Ammonite
22%
Carapagos,Mégapagos Archélon
17%
Yanmega Meganeura
17%
Brutapode Arthropleura
14%
Feu-Perçant Cératopsien (Styracosaure, Chasmosaure)
14%
Anorith Anomalocaris
11%
Serpente-Eau Dromaeosauridae (Raptors)
11%
Lilia Crinoïde
8%
Kabutops Euryptéride (Scorpion de mer)
6%
Aucun quiz correspondant
Distribution des résultats
% des personnes avec chaque résultat
Percentile par nombre de réponses
Votre historique - résultats
Vous n’avez pas pris ce quiz